00320nam a2200133Ia 4500008004100000020001500041082001600056100002000072245002600092250000600118260004100124300000800165650001300173140316s9999 xx 000 0 und d a8182640318 a814bKES/NA aKesavamenon,K P aNaam munnottu : Vol.2 a6 aKozhikkodubMathrubhoomi booksc2007 a279 alekhanam